000 00366nam a2200157Ia 4500
008 230524s9999 xx 000 0 und d
082 _a681.76
_bCHA
100 _aWAJ Champan
245 0 _aWorkshop Technology Part-III
250 _a3RD
260 _aNEW DELHI
_bCBS
_c1995
300 _a675
500 _aQuantity Number: 2
650 _aWorkshop
942 _cBK
999 _c26545
_d26545